A DIGEST OF NEW DEVELOPMENTS IN ARMY WEAPONS TACTICS ORGANIZATION AND EQUIPMENT (Record no. 570076)

000 -LEADER
fixed length control field 00305nam a22001097a 4500
082 ## - DEWEY DECIMAL CLASSIFICATION NUMBER
Classification number 355 WOR'D
100 ## - MAIN ENTRY--PERSONAL NAME
Personal name WORLEY, MORVIN L
9 (RLIN) 60321
245 ## - TITLE STATEMENT
Title A DIGEST OF NEW DEVELOPMENTS IN ARMY WEAPONS TACTICS ORGANIZATION AND EQUIPMENT
260 ## - PUBLICATION, DISTRIBUTION, ETC.
Place of publication, distribution, etc. PENNSYLVANIA
Name of publisher, distributor, etc. STACKPOLE
Date of publication, distribution, etc. 1959
300 ## - PHYSICAL DESCRIPTION
Extent 378P
942 ## - ADDED ENTRY ELEMENTS (KOHA)
Koha item type Book
Holdings
Withdrawn status Lost status Damaged status Not for loan Permanent Location Current Location Shelving location Date acquired Total Checkouts Full call number Barcode Date last seen Price effective from Koha item type
        College of Electrical & Mechanical Engineering (CEME) College of Electrical & Mechanical Engineering (CEME) General Stacks 07/19/2017   355 WOR'D CEME-462 06/28/2021 06/28/2021 Book
© 2023 Central Library, National University of Sciences and Technology. All Rights Reserved.